000 00522nam a2200145 i 4500
001 83568
003 ES-MaACL
007 t|
008 041117s1984 sp ||||1| spa d
245 0 0 _aIntroducción a las técnicas de análisis multivariable aplicadas a las ciencias sociales /
_ceditor, Juan Javier Sánchez Carrión.
260 _aMadrid :
_bCentro de Investigaciones Sociológicas,
_c1984.
300 _a331 p. ;
_c24 cm.
700 1 _aSánchez Carrión, Juan Javier.
_9102530
852 _aES-MaACL
_jL-7598
_bR.108214
999 _c83568
_d83568